[Event "AUTO-OPEN-655"]
[Site "http://www.queenalice.com/game.php?id=209344"]
[Date "2007.5.11"]
[Round "1"]
[White "kloosterveen"]
[Black "Steinarfyrsti"]
[Result "1-0"]
[WhiteElo "1728"]
[BlackElo "1532"]

1. d4 Nf6 2. e3 d6 3. Nf3 Bg4 4. Be2 Nbd7 5. O-O e6 6. c4 Be7 7. Qb3 O-O 8. Qxb7
Qb8 9. Qxb8 Raxb8 10. b3 Rb4 11. Bd2 Rb7 12. h3 Bf5 13. Nc3 Rfb8 14. Rfc1 Ne4
15. Nxe4 Bxe4 16. Bc3 h6 17. Nd2 Bh7 18. Bf3 Rb6 19. d5 exd5 20. Bxd5 Bf6 21.
Ne4 Bxe4 22. Bxe4 Bxc3 23. Rxc3 Nf6 24. Bf3 Nd7 25. Bd5 Nf6 26. Rd3 Nxd5 27.
Rxd5 Kf8 28. Rad1 Ke7 29. R1d2 f6 30. Rb2 g6 31. Rd4 f5 32. f3 c5 33. Rd5 a5 34.
Rdd2 a4 35. Rd3 axb3 36. axb3 Rb4 37. Kf2 g5 38. Rd5 Rxc4 39. Rdd2 Rcb4 40. Rd5
Rxb3 41. Rxb3 Rxb3 42. Rd2 c4 43. Rc2 d5 44. Ke2 Kd6 45. g3 Kc5 46. Kd2 Kb4 47.
f4 c3+ 48. Kd3 gxf4 49. exf4 h5 50. Kd4 Ka3 51. Rxc3 Rxc3 52. Kxc3 Ka4 53. Kd4
Kb5 54. Kxd5 1-0

[Event "AUTO-OPEN-655"]
[Site "http://www.queenalice.com/game.php?id=209345"]
[Date "2007.5.11"]
[Round "1"]
[White "Steinarfyrsti"]
[Black "Manago"]
[Result "0-1"]
[WhiteElo "1371"]
[BlackElo "1801"]

1. d4 Nf6 2. c4 c6 3. Nc3 d5 4. cxd5 cxd5 5. Bg5 e6 6. Qa4+ Bd7 7. Qc2 Be7 8. e3
O-O 9. Bd3 a6 10. Nf3 Nc6 11. Bxf6 Bxf6 12. Bxh7+ Kh8 13. Bd3 g6 14. O-O Kg7 15.
h3 Rh8 16. a3 Ne7 17. Rae1 Rc8 18. Qd2 b5 19. Rc1 Nc6 0-1

[Event "AUTO-OPEN-655"]
[Site "http://www.queenalice.com/game.php?id=209346"]
[Date "2007.5.11"]
[Round "1"]
[White "Manago"]
[Black "Steinarfyrsti"]
[Result "1-0"]
[WhiteElo "1801"]
[BlackElo "1371"]

1. d4 Nf6 2. c4 e6 3. Nc3 Bb4 4. Nf3 Ne4 5. Qc2 Nxc3 6. bxc3 Be7 7. e4 d6 8. d5
e5 9. Be2 O-O 10. O-O Nd7 11. h3 Nf6 12. Re1 h6 13. a4 Bd7 14. Bd3 c5 15. Nh2
Rb8 16. Re3 a6 17. Rg3 b6 18. Bxh6 Ne8 19. f4 Bf6 20. fxe5 Kh8 21. exf6 1-0

[Event "AUTO-INT-451"]
[Site "http://www.queenalice.com/game.php?id=209506"]
[Date "2007.5.11"]
[Round "1"]
[White "IkeBroflovski"]
[Black "Steinarfyrsti"]
[Result "1-0"]
[WhiteElo "1673"]
[BlackElo "1561"]

1. Nf3 d5 2. d4 h6 3. e3 Bg4 4. c4 Nf6 5. Nc3 e6 6. Be2 dxc4 7. Bxc4 Bb4 8. Qa4+
Nc6 9. Ne5 Bxc3+ 10. bxc3 a6 11. Nxc6 bxc6 12. Qxc6+ Nd7 13. Bxa6 O-O 14. Bd3
Nf6 15. O-O Qd6 16. Qxd6 cxd6 17. Bd2 d5 18. a4 Bh5 19. Rfb1 Bg6 20. Bxg6 fxg6
21. f3 Ra6 22. Rb4 Rfa8 23. c4 dxc4 24. Rxc4 Nd5 25. a5 Nb6 26. Rc6 Nd5 27. Rxa6
Rxa6 28. Rb1 Kh7 29. e4 Ne7 30. Rb6 Rxb6 31. axb6 Nc6 32. b7 Kg8 33. Ba5 Kf7 34.
Bc7 1-0

[Event "AUTO-INT-451"]
[Site "http://www.queenalice.com/game.php?id=209507"]
[Date "2007.5.11"]
[Round "1"]
[White "Steinarfyrsti"]
[Black "IkeBroflovski"]
[Result "1-0"]
[WhiteElo "1563"]
[BlackElo "1567"]

1. d4 e6 2. c4 Nf6 3. Nc3 Bb4 4. Bd2 b6 5. a3 Bxc3 6. Bxc3 Bb7 7. f3 d6 8. e4
Nbd7 9. Bd3 e5 10. d5 a5 11. Ne2 a4 12. O-O Nc5 13. Bc2 O-O 14. Bb4 Bc8 15. Bxc5
1-0

[Event "AUTO-INT-451"]
[Site "http://www.queenalice.com/game.php?id=209534"]
[Date "2007.5.11"]
[Round "1"]
[White "Steinarfyrsti"]
[Black "SGF"]
[Result "0-1"]
[WhiteElo "1535"]
[BlackElo "1557"]

1. d4 e6 2. c4 d5 3. e3 Bb4+ 4. Bd2 Qd6 5. a3 Bxd2+ 6. Nxd2 Nf6 7. c5 Qd7 8. b4
a6 9. Bd3 b6 10. Ngf3 bxc5 11. bxc5 Nc6 12. O-O Qe7 13. Qa4 Bb7 14. Rfb1 Rb8 15.
Rb2 O-O 16. Rab1 e5 17. dxe5 Nxe5 18. Nxe5 Qxe5 19. c6 Bxc6 20. Qc2 Rxb2 21.
Rxb2 Qg5 22. Nf3 Qg4 23. h3 Qd7 24. Ne5 Qe6 25. Nxc6 Nh5 26. Bxa6 g6 27. Bd3 Ra8
28. g4 Nf6 29. Qc5 h5 30. gxh5 Nxh5 31. Qxd5 Qxd5 32. Ne7+ Kg7 33. Nxd5 Rxa3 34.
Rd2 c6 35. Nf4 Nxf4 36. exf4 c5 37. Kf1 f5 38. Kg2 Ra4 39. Kf3 Kf6 0-1

[Event "AUTO-INT-451"]
[Site "http://www.queenalice.com/game.php?id=209535"]
[Date "2007.5.11"]
[Round "1"]
[White "SGF"]
[Black "Steinarfyrsti"]
[Result "1-0"]
[WhiteElo "1493"]
[BlackElo "1583"]

1. e4 c5 2. Qf3 d6 3. Bc4 Nf6 4. h4 Nc6 5. c3 Bg4 6. Qf4 e5 7. Qg3 h5 8. f3 Bd7
9. d3 a6 10. Bg5 Be7 11. Bxf6 Bxf6 12. Ne2 Na5 13. Nd2 Qe7 14. f4 Nxc4 15. Nxc4
b5 16. Nb6 Ra7 17. Nd5 Qe6 18. f5 1-0

[Event "AUTO-INT-475"]
[Site "http://www.queenalice.com/game.php?id=217643"]
[Date "2007.5.29"]
[Round "1"]
[White "Dangermouse"]
[Black "Steinarfyrsti"]
[Result "1-0"]
[WhiteElo "1656"]
[BlackElo "1381"]

1. d4 d5 2. c4 c6 3. e3 e6 4. Nf3 Bb4+ 5. Bd2 Qe7 6. cxd5 exd5 7. Be2 Be6 8. O-O
Nf6 9. a3 Bd6 10. b4 O-O 11. Nc3 1-0

[Event "AUTO-INT-475"]
[Site "http://www.queenalice.com/game.php?id=217669"]
[Date "2007.5.29"]
[Round "1"]
[White "IkeBroflovski"]
[Black "Steinarfyrsti"]
[Result "1-0"]
[WhiteElo "1655"]
[BlackElo "1547"]

1. Nf3 d5 2. d4 e6 3. e3 Nc6 4. c4 Nf6 5. Nc3 h6 6. b3 Bb4 7. Bb2 dxc4 8. Bxc4
Ne4 9. Qc2 Bd7 10. O-O Nxc3 11. Bxc3 Bd6 12. e4 O-O 13. e5 Be7 14. Rfd1 Nb4 15.
Qd2 Nd5 16. Bxd5 exd5 17. Rac1 Bg4 18. Qf4 Bxf3 19. Qxf3 Bg5 20. Bd2 Bxd2 21.
Rxd2 c6 22. b4 f5 23. a4 g5 24. Qb3 a6 25. b5 axb5 26. axb5 Rb8 27. bxc6 bxc6
28. Qa4 Qb6 29. Rdc2 Rfc8 30. h3 Rc7 31. Rxc6 Rxc6 32. Qxc6 1-0

[Event "AUTO-INT-475"]
[Site "http://www.queenalice.com/game.php?id=217670"]
[Date "2007.5.29"]
[Round "1"]
[White "Steinarfyrsti"]
[Black "IkeBroflovski"]
[Result "0-1"]
[WhiteElo "1560"]
[BlackElo "1642"]

1. d4 e6 2. c4 Nf6 3. Nc3 Bb4 4. Bd2 b6 5. a3 Bxc3 6. Bxc3 Bb7 7. f3 d5 8. e3
O-O 9. cxd5 exd5 10. Bd3 Re8 11. Ne2 Rxe3 12. O-O Qe7 13. Re1 Nbd7 14. Ng3 Re8
15. Rxe3 Qxe3+ 16. Kh1 c5 17. dxc5 Nxc5 18. Bf1 Ne6 19. Bxf6 gxf6 20. Bb5 Rd8
21. Qe1 Qxe1+ 22. Rxe1 d4 23. Rd1 a6 24. Bf1 b5 25. Bd3 Bd5 26. h3 Bc4 27. b4
Bxd3 28. Rxd3 Nf4 29. Rd1 d3 30. Nf1 Ne2 31. g4 Nc3 32. Rd2 Nb1 33. Rb2 Nxa3 0-1